LEADER 04361nam 2200553 450 001 9910257441703321 005 20220817204054.0 010 $a3-540-35555-3 024 7 $a10.1007/3-540-09099-1 035 $a(CKB)1000000000229924 035 $a(DE-He213)978-3-540-35555-7 035 $a(MiAaPQ)EBC5585352 035 $a(Au-PeEL)EBL5585352 035 $a(OCoLC)1066182251 035 $a(MiAaPQ)EBC6806658 035 $a(Au-PeEL)EBL6806658 035 $a(OCoLC)1287134843 035 $a(PPN)155200534 035 $a(EXLCZ)991000000000229924 100 $a20220817d1978 uy 0 101 0 $aeng 135 $aurnn|008mamaa 181 $ctxt$2rdacontent 182 $cc$2rdamedia 183 $acr$2rdacarrier 200 00$aFew body systems and nuclear forces II $e8, international conference, held in Graz, August 24-30, 1978 /$fedited by H. Zingl, M. Haftel, and H. Zankel 205 $a1st ed. 1978. 210 1$aBerlin, Heidelberg :$cSpringer-Verlag,$d[1978] 210 4$d©1978 215 $a1 online resource (X, 549 p.) 225 1 $aLecture Notes in Physics ;$v87 311 $a3-540-09099-1 327 $aA new stable dibaryon-erratum -- Nucleon-nucleon scattering phase shifts -- Potentials in review -- Two hadron interaction -- Off-shell effects in the nucleon-nucleon system -- Polarization Phenomena in two body systems -- Quark models of the Nuclear Force -- Experiments on the conservation or non-conservation of Isospin parity, and charge conjugation and time reversal invariance -- Nucleon-induced experiments above pion threshold -- Pion production in nucleon-nucleon scattering -- Pion-nucleus interactions -- Meson induced reactions in the three- and two-nucleon systems -- Nuclear reactions involving three particle systems -- Lepton scattering -- Recent work in three-body systems -- Low-energy three- and four-nucleon scattering experiments -- Polarization effects in the 3-body system -- Dynamics of four particle systems -- Three-body phenomenology for elementary particle systems -- Exact results for the scattering of three charged particles -- Highlights of the Third International Conference on Clustering Aspects of Nuclear Structure and Nuclear Reactions -- Few-body aspects of the 6-nucleon system -- N-body systems -- Narrow resonances in the continuum -- Applications of few-body methods to other fields -- Twenty years of the few-body problem -- Recent progress in dispersion theoretical approach to nuclear forces -- Tensor analyzing powers in deuteron-proton elastic scattering and the breakup reaction at 45.4 MeV -- On polarization phenomena in proton-deuteron elastic scattering at medium and high energies -- The methods of solving the few-body problem in quantum mechanics -- Extension of the lane model to light nuclei -- Third cluster coefficient for square well discs -- Application of ATMS to the 4He trimer and tetramer -- Effects on the coulomb distortion on phase shifts and effective-range parameters in proton-proton scattering -- Limit on the applicability of the low theorem for proton-proton bremsstrahlung -- Optimal complete and optimal sufficient sets of experiments for elastic nucleon-nucleon scattering -- Polarization measurement in pp elastic scattering at 150 GeV/c between 0.2 2 -- The tensor analyzing power a for elastic scattering of xz 20.2 MeV deuterons from 4He. -- Evidence for fragment production via two body breakup -- p-d Scattering at very small relative energy observed in the FSI regions of the 3He(p,dp)p reaction at 156 Mev -- Finite cross section for three-particle scattering -- Charge-independent R-matrix analysis of the four-nucleon system -- Two-body scattering in force field -- Separable interaction of composite particles with inclusion of the Pauli principle -- ?? d ? ?nn and the effective range theory parameters ann and rnn. 410 0$aLecture notes in physics ;$v87. 606 $aFew-body problem$vCongresses 606 $aHadrons$vCongresses 615 0$aFew-body problem 615 0$aHadrons 676 $a530.14 702 $aZingl$b H.$f1927- 702 $aHaftel$b M.$f1943- 702 $aZankel$b H.$f1947- 801 0$bMiAaPQ 801 1$bMiAaPQ 801 2$bMiAaPQ 906 $aBOOK 912 $a9910257441703321 996 $aFew Body Systems and Nuclear Forces II$92528195 997 $aUNINA LEADER 04163oam 2200661 c 450 001 996309238003316 005 20220221094418.0 010 $a3-8394-4692-9 035 $a(CKB)4100000007598669 035 $a(OAPEN)1005066 035 $a(DE-B1597)514619 035 $a(OCoLC)1083629732 035 $a(DE-B1597)9783839446928 035 $a(ScCtBLL)b74d2d6c-2c06-4f92-8a54-282ff88d7c32 035 $a(MiAaPQ)EBC6637517 035 $a(Au-PeEL)EBL6637517 035 $a(transcript Verlag)9783839446928 035 $a(MiAaPQ)EBC6956054 035 $a(Au-PeEL)EBL6956054 035 $a(EXLCZ)994100000007598669 100 $a20220221d2019 uy 0 101 0 $ager 135 $auuuuu---auuuu 181 $ctxt$2rdacontent 182 $cc$2rdamedia 183 $acr$2rdacarrier 200 10$aUmstrittene Regierungsfu?hrung in Afghanistan$eKulturelle und politische Ordnungsvorstellungen der afghanischen Eliten$fFrangis Dadfar Spanta 205 $a1st ed. 210 $aBielefeld$ctranscript Verlag$d2019 215 $a1 online resource (490 p.) 225 0 $aGlobal Studies 311 $a3-8376-4692-0 327 $aFrontmatter 1 Inhalt 5 Danksagung 7 Legende des transkribierten Zeichensystems fu?r die Interviews 9 1. Einleitung 11 2. Definitionen und historischer Kontext 59 3. Theoretischer Rahmen 107 4. Methode 171 5. Empirie und das besondere Feld 187 6. Kabul: Die Machtzentrale 215 7. Die Welt der provinziellen Paradoxien: Mazar-e Sharif und Herat 327 8. Neopatrimonialismus als stablisierende Staatsbildungsform 397 Literatur 409 Abbildungs- und Tabellenverzeichnis 469 Abku?rzungsverzeichnis 471 Glossar 475 Anhang 479 330 $aSeit 40 Jahren herrscht in Afghanistan Krieg. Bisher war die Frage der Machtverteilung, also die Definition der Hoheitsgebiete der einzelnen Elitefraktionen, nicht klar zu erkennen. Frangis Dadfar Spanta untersucht die unterschiedlichen Konfliktdynamiken, um dann Lo?sungsschritte fu?r einen Friedenbildungsprozess vorzuschlagen. Anhand der unterschiedlichen Eliten aus Politik, Kultur, Wirtschaft, Medien, Bildung und Religion zeichnet sie die Patronage-Klientel-Netzwerke nach. Eine Besonderheit der Studie bilden Interviews mit Ashraf Ghani, Hamid Karzai, Abdullah Abdullah, Atta Noor sowie mit zwei Taliban-Repra?sentanten. Die Untersuchung ist aufgrund ihrer theoretischen und methodischen Herangehensweise sowohl fu?r Politik- und Sozialwissenschaftler_innen als auch fu?r Anthropolog_innen lesenswert. 410 0$aGlobal Studies 606 $aAfghanistan; Friedensbildung; Konflikt; Neopatrimonialismus; Staatsbildung; Eliten; Politik; Soziale Ungleichheit; Kultur; Internationale Politik; Politische Soziologie; Staat; Demokratie; Politikwissenschaft; Peace Building; Conflict; Neopatrimonialism; Nation Building; Elites; Politics; Social Inequality; Culture; International Relations; Political Sociology; State; Democracy; Political Science; 610 $aConflict. 610 $aCulture. 610 $aDemocracy. 610 $aElites. 610 $aInternational Relations. 610 $aNation Building. 610 $aNeopatrimonialism. 610 $aPeace Building. 610 $aPolitical Science. 610 $aPolitical Sociology. 610 $aPolitics. 610 $aSocial Inequality. 610 $aState. 615 4$aAfghanistan; Friedensbildung; Konflikt; Neopatrimonialismus; Staatsbildung; Eliten; Politik; Soziale Ungleichheit; Kultur; Internationale Politik; Politische Soziologie; Staat; Demokratie; Politikwissenschaft; Peace Building; Conflict; Neopatrimonialism; Nation Building; Elites; Politics; Social Inequality; Culture; International Relations; Political Sociology; State; Democracy; Political Science; 700 $aDadfar Spanta$b Frangis$4aut$0964683 712 02$atranscript: Open Library 2019 (Politik)$4fnd$4http://id.loc.gov/vocabulary/relators/fnd 801 0$bDE-B1597 801 1$bDE-B1597 906 $aBOOK 912 $a996309238003316 996 $aUmstrittene Regierungsführung in Afghanistan$92188685 997 $aUNISA